|
|
|
|
| LEADER |
00000nam0a2200000 4500 |
| 001 |
20564 |
| 005 |
20231101205350.0 |
| 035 |
|
|
|a (RuTPU)RU\TPU\book\20748
|
| 035 |
|
|
|a BOOK00020818
|
| 090 |
|
|
|a 20564
|
| 100 |
|
|
|a 20011209d1983 k y0rusy50 ca
|
| 101 |
0 |
|
|a rus
|
| 102 |
|
|
|a RU
|
| 105 |
|
|
|a y z 000zy
|
| 200 |
1 |
|
|a Психология стресса
|f Л. А. Китаев-Смык
|
| 210 |
|
|
|a Москва
|c Наука
|d 1983
|
| 215 |
|
|
|a 368 с.
|
| 606 |
1 |
|
|a Стресс
|x Психология
|2 stltpush
|3 (RuTPU)RU\TPU\subj\57217
|9 75080
|
| 610 |
1 |
|
|a эмоциональные срывы
|
| 610 |
1 |
|
|a личность
|
| 610 |
1 |
|
|a эмоции
|
| 610 |
1 |
|
|a эмоциональные процессы
|
| 686 |
|
|
|a Ю935.2
|v LBC/SL-A
|2 rubbk
|
| 700 |
|
1 |
|a Китаев-Смык
|b Л. А.
|g Леонид Александрович
|
| 801 |
|
0 |
|a RU
|b 63413507
|c 20011209
|g PSBO
|
| 801 |
|
2 |
|a RU
|b 63413507
|c 20160301
|g PSBO
|
| 900 |
|
|
|a Психологические аспекты научной деятельности
|
| 942 |
|
|
|c BK
|